Intervenční a akutní kardiologie

Bibliographic Details
Format: Journal
Language:Czech
Slovak
PhysicalDescription:zv. grafy, obr. 30 cm
Online vydanie: Intervenční a akutní kardiologie (Online) ISSN 1803-5302
Published: Konice Solen 2002-
Olomouc Solen, s.r.o.
ISSN:1213-807X
Subjects:
Online Access:www.iakardiologie.cz

MARC

LEADER 00000cas a2200000 a 4500
001 vtls008426088
003 SK-MaSNL
005 20260228161033.0
008 060125c20029999xr qr p 0 b0cze
022 |a 1213-807X 
035 |a (SVKBB03)vtls000204740 
040 |a SVKPO  |b slo  |c SVKPO  |d SVKBB  |d SAVUK  |d SNK  |e AACR2 
041 0 |a cze  |a slo  |b eng  |b cze 
044 |a xr  |c CZ 
072 7 |a 612  |x Fyziológia človeka a porovnávacia fyziológia  |2 konspekt 
072 7 |a 616  |x Patológia. Klinická medicína  |2 konspekt 
080 |a 612.17  |2 2011 
080 |a 616.12-08  |2 2011 
080 |a 050  |2 2011 
080 |a (051)-027.561  |2 2011 
210 0 |a Interv. akutní kardiol.  |b (Print) 
222 0 |a Intervenční a akutní kardiologie  |b (Print) 
245 0 0 |a Intervenční a akutní kardiologie 
246 1 1 |a Interventional cardiology and acute cardiac care 
260 |a Konice  |b Solen  |c 2002- 
260 3 |3 2006-  |a Olomouc  |b Solen, s.r.o. 
300 |a zv.  |b grafy, obr.  |c 30 cm 
310 |a 4x ročne  |b 2013- 
321 |a 4x ročne  |b 2002-2005 
321 |a 6x ročne  |b 2006-2012 
500 |a Registračné číslo: MK ČR E 13516 
500 |a Časopis je indexovaný v: Scopus, Embase Bibliographia Medica Čechoslovaca, Zoznam recenzovaných neimpaktovaných periodík Rady pre výskum, vývoja inovácie v ČR Open Access Journal 
504 |a Bibliogr. 
530 |a Online vydanie: Intervenční a akutní kardiologie (Online) ISSN 1803-5302 
546 |a Čiast. text aj slov. ; res. angl. a čes. 
650 0 7 |a kardiológia  |2 SNKPH  |9 906 
650 0 7 |a intervenčná kardiológia  |2 SNKPH  |9 17058 
650 0 7 |a Cardiology  |2 SNKPHeng  |9 267840 
650 0 7 |a Interventional cardiology  |2 SNKPHeng  |9 267841 
655 7 |a odborné časopisy  |2 SNKPH  |9 70505 
655 7 |a Professional journals  |2 SNKPHeng  |9 265007 
852 |a Štátna vedecká knižnica v Banskej Bystrici 
856 4 1 |u www.iakardiologie.cz 
910 |a svkpo 
910 |a savuk 
910 |a snk 
999 |c 4148  |d 6078 
952 |0 0  |1 0  |4 0  |7 0  |8 1  |a SNK  |b SNK  |d 2020-11-13  |i snk2020/20536  |l 0  |o snkČSB 6005/18/2019  |p 17A1432714  |r 2026-02-21 19:24:13  |t č. 1-4 + suppl. A  |w 2026-02-21  |y PREZ  |z Obsahuje Supplement A 
952 |0 0  |1 0  |4 0  |7 0  |8 1  |a SNK  |b SNK  |d 2015-06-22  |i snk2015/19379  |l 0  |o snkČSB 6005/8/2009  |p 17A1096533  |r 2026-02-21 19:34:23  |t č. 1-6, neúpl.  |w 2026-02-21  |y PREZ  |z chýba č. 2-4 
952 |0 0  |1 0  |4 0  |7 0  |8 1  |a SNK  |b SNK  |d 2015-06-22  |i snk2015/19383  |l 0  |o snkČSB 6005/9/2010  |p 17A1096534  |r 2026-02-21 19:34:23  |t č. 1-6  |w 2026-02-21  |y PREZ 
952 |0 0  |1 0  |4 0  |7 0  |8 1  |a SNK  |b SNK  |d 2015-06-22  |i snk2015/19387  |l 0  |o snkČSB 6005/10/2011  |p 17A1096535  |r 2026-02-21 19:34:23  |t č. 1-6  |w 2026-02-21  |y PREZ 
952 |0 0  |1 0  |4 0  |7 0  |8 1  |a SNK  |b SNK  |d 2015-06-22  |i snk2015/19404  |l 0  |o snkČSB 6005/11/2012  |p 17A1096536  |r 2026-02-21 19:34:23  |t č. 1-6, neúpl.  |w 2026-02-21  |y PREZ  |z chýba č. 2-4 
952 |0 0  |1 0  |4 0  |7 0  |8 1  |a SNK  |b SNK  |d 2015-06-24  |i snk2015/19624  |l 0  |o snkČSB 6005/11/2012 D1  |p 17A1096526  |r 2026-02-21 19:34:26  |t č. 1-6, neúpl.  |w 2026-02-21  |y PREZ  |z chýba č. 2-4 
952 |0 0  |1 0  |4 0  |7 0  |8 1  |a SNK  |b SNK  |d 2015-06-24  |i snk2015/19628  |l 0  |o snkČSB 6005/12/2013 D1  |p 17A1096527  |r 2026-02-21 19:34:26  |t č. 1-4  |w 2026-02-21  |y PREZ 
952 |0 0  |1 0  |4 0  |7 0  |8 1  |a SNK  |b SNK  |d 2015-06-24  |i snk2015/19630  |l 0  |o snkČSB 6005/13/2014 D1  |p 17A1096500  |r 2026-02-21 19:34:26  |t č. 1-4  |w 2026-02-21  |y PREZ 
952 |0 0  |1 0  |4 0  |7 0  |8 0  |a SNK  |b SNK  |d 2023-05-10  |i snk2023/7397  |l 0  |o snkČSB 6005/18/2019 D1  |p 17A1520050  |r 2026-02-21 19:41:39  |t č. 1-4 + suppl. A  |w 2026-02-21  |y PREZ  |z Obsahuje Supplement A 
952 |0 0  |1 0  |4 0  |7 0  |8 0  |a SNK  |b SNK  |d 2023-05-10  |i snk2023/7398  |l 0  |o snkČSB 6005/19/2020  |p 17A1520051  |r 2026-02-21 19:41:39  |t č. 1-4  |w 2026-02-21  |y PREZ 
952 |0 0  |1 0  |4 0  |7 0  |8 0  |a SNK  |b SNK  |d 2023-05-10  |i snk2023/7399  |l 0  |o snkČSB 6005/20/2021  |p 17A1520052  |r 2026-02-21 19:41:39  |t č. 1-4  |w 2026-02-21  |y PREZ 
952 |0 0  |1 0  |4 0  |7 0  |8 1  |a SNK  |b SNK  |d 2015-06-24  |i snk2015/19555  |l 0  |o snkČSB 6005/12/2013  |p 17A1096537  |r 2026-02-21 21:46:16  |t č. 1-4  |w 2026-02-21  |y PREZ 
952 |0 0  |1 0  |4 0  |7 0  |8 1  |a SNK  |b SNK  |d 2015-06-24  |i snk2015/19564  |l 0  |o snkČSB 6005/13/2014  |p 17A1096538  |r 2026-02-21 21:46:16  |t č. 1-4  |w 2026-02-21  |y PREZ 
952 |0 0  |1 0  |4 0  |7 0  |8 1  |a SNK  |b SNK  |d 2015-06-24  |i snk2015/19574  |l 0  |o snkČSB 6005/2/2003  |p 17A1096539  |r 2026-02-21 21:46:16  |t č. 1-4, neúpl.+ supl.A  |w 2026-02-21  |y PREZ  |z chýba č. 1-3; obsahuje supl. A 
952 |0 0  |1 0  |4 0  |7 0  |8 1  |a SNK  |b SNK  |d 2015-06-24  |i snk2015/19577  |l 0  |o snkČSB 6005/3/2004  |p 17A1096540  |r 2026-02-21 21:46:16  |t č. 1-4 + suppl. A  |w 2026-02-21  |y PREZ  |z obsahuje supl. A 
952 |0 0  |1 0  |4 0  |7 0  |8 1  |a SNK  |b SNK  |d 2015-06-24  |i snk2015/19583  |l 0  |o snkČSB 6005/4/2005  |p 17A1096541  |r 2026-02-21 21:46:16  |t č. 1-4, neúpl.  |w 2026-02-21  |y PREZ  |z chýba č. 4 
952 |0 0  |1 0  |4 0  |7 0  |8 1  |a SNK  |b SNK  |d 2015-06-24  |i snk2015/19589  |l 0  |o snkČSB 6005/5/2006  |p 17A1096514  |r 2026-02-21 21:46:16  |t č. 1-6  |w 2026-02-21  |y PREZ 
952 |0 0  |1 0  |4 0  |7 0  |8 1  |a SNK  |b SNK  |d 2015-06-24  |i snk2015/19592  |l 0  |o snkČSB 6005/6/2007  |p 17A1096515  |r 2026-02-21 21:46:16  |t č. 1-6 + suppl. B, C  |w 2026-02-21  |y PREZ  |z obsahuje suppl. B, C 
952 |0 0  |1 0  |4 0  |7 0  |8 1  |a SNK  |b SNK  |d 2015-06-24  |i snk2015/19594  |l 0  |o snkČSB 6005/7/2008  |p 17A1096516  |r 2026-02-21 21:46:16  |t č. 1-6 + suppl. A  |w 2026-02-21  |y PREZ  |z obsahuje suppl. A 
952 |0 0  |1 0  |4 0  |7 0  |8 1  |a SNK  |b SNK  |d 2015-06-24  |i snk2015/19600  |l 0  |o snkČSB 6005/2/2003 D1  |p 17A1096517  |r 2026-02-21 21:46:16  |t č. 1-4, neúpl. + supl. A  |w 2026-02-21  |y PREZ  |z chýba č. 1-3; obsahuje supl. A 
952 |0 0  |1 0  |4 0  |7 0  |8 1  |a SNK  |b SNK  |d 2015-06-24  |i snk2015/19603  |l 0  |o snkČSB 6005/3/2004 D1  |p 17A1096518  |r 2026-02-21 21:46:16  |t č. 1-4, neúpl.  |w 2026-02-21  |y PREZ  |z chýba supl. A 
952 |0 0  |1 0  |4 0  |7 0  |8 1  |a SNK  |b SNK  |d 2015-06-24  |i snk2015/19604  |l 0  |o snkČSB 6005/4/2005 D1  |p 17A1096519  |r 2026-02-21 21:46:16  |t č. 1-4, neúpl.  |w 2026-02-21  |y PREZ  |z chýba č. 4 
952 |0 0  |1 0  |4 0  |7 0  |8 1  |a SNK  |b SNK  |d 2015-06-24  |i snk2015/19607  |l 0  |o snkČSB 6005/5/2006 D1  |p 17A1096520  |r 2026-02-21 21:46:16  |t č. 1-6  |w 2026-02-21  |y PREZ 
952 |0 0  |1 0  |4 0  |7 0  |8 1  |a SNK  |b SNK  |d 2015-06-24  |i snk2015/19608  |l 0  |o snkČSB 6005/6/2007 D1  |p 17A1096521  |r 2026-02-21 21:46:16  |t č. 1-6 + suppl. B, C  |w 2026-02-21  |y PREZ  |z obsahuje suppl. B, C 
952 |0 0  |1 0  |4 0  |7 0  |8 1  |a SNK  |b SNK  |d 2015-06-24  |i snk2015/19613  |l 0  |o snkČSB 6005/7/2008 D1  |p 17A1096522  |r 2026-02-21 21:46:16  |t č. 1-6 + suppl. A  |w 2026-02-21  |y PREZ  |z obsahuje suppl. A 
952 |0 0  |1 0  |4 0  |7 0  |8 1  |a SNK  |b SNK  |d 2015-06-24  |i snk2015/19615  |l 0  |o snkČSB 6005/8/2009 D1  |p 17A1096523  |r 2026-02-21 21:46:34  |t č. 1-6, neúpl.  |w 2026-02-21  |y PREZ  |z chýba č. 2-4 
952 |0 0  |1 0  |4 0  |7 0  |8 1  |a SNK  |b SNK  |d 2015-06-24  |i snk2015/19618  |l 0  |o snkČSB 6005/9/2010 D1  |p 17A1096524  |r 2026-02-21 21:46:34  |t č. 1-6  |w 2026-02-21  |y PREZ 
952 |0 0  |1 0  |4 0  |7 0  |8 1  |a SNK  |b SNK  |d 2015-06-24  |i snk2015/19621  |l 0  |o snkČSB 6005/10/2011 D1  |p 17A1096525  |r 2026-02-21 21:46:34  |t č. 1-6  |w 2026-02-21  |y PREZ 
952 |0 0  |1 0  |4 0  |7 0  |8 1  |a SNK  |b SNK  |d 2019-06-27  |i snk2019/17519  |l 0  |o snkČSB 6005/14/2015  |p 17A1368647  |r 2026-02-21 22:14:49  |t č. 1-4  |w 2026-02-21  |y PREZ 
952 |0 0  |1 0  |4 0  |7 0  |8 1  |a SNK  |b SNK  |d 2019-06-27  |i snk2019/17521  |l 0  |o snkČSB 6005/14/2015 D1  |p 17A1368648  |r 2026-02-21 22:14:49  |t č. 1-4  |w 2026-02-21  |y PREZ 
952 |0 0  |1 0  |4 0  |7 0  |8 1  |a SNK  |b SNK  |d 2019-06-27  |i snk2019/17522  |l 0  |o snkČSB 6005/15/2016  |p 17A1368649  |r 2026-02-21 22:14:49  |t č. 1-4  |w 2026-02-21  |y PREZ 
952 |0 0  |1 0  |4 0  |7 0  |8 1  |a SNK  |b SNK  |d 2019-06-27  |i snk2019/17553  |l 0  |o snkČSB 6005/15/2016 D1  |p 17A1368650  |r 2026-02-21 22:14:51  |t č. 1-4  |w 2026-02-21  |y PREZ 
952 |0 0  |1 0  |4 0  |7 0  |8 1  |a SNK  |b SNK  |d 2019-06-27  |i snk2019/17554  |l 0  |o snkČSB 6005/16/2017  |p 17A1368651  |r 2026-02-21 22:14:52  |t č. 1-4  |w 2026-02-21  |y PREZ 
952 |0 0  |1 0  |4 0  |7 0  |8 1  |a SNK  |b SNK  |d 2019-06-27  |i snk2019/17556  |l 0  |o snkČSB 6005/16/2017 D1  |p 17A1368652  |r 2026-02-21 22:14:52  |t č. 1-4  |w 2026-02-21  |y PREZ 
952 |0 0  |1 0  |4 0  |7 0  |8 1  |a SNK  |b SNK  |d 2019-06-27  |i snk2019/17558  |l 0  |o snkČSB 6005/17/2018  |p 17A1368653  |r 2026-02-21 22:14:52  |t č. 1-4  |w 2026-02-21  |y PREZ 
952 |0 0  |1 0  |4 0  |7 0  |8 1  |a SNK  |b SNK  |d 2019-06-27  |i snk2019/17559  |l 0  |o snkČSB 6005/17/2018 D1  |p 17A1368654  |r 2026-02-21 22:14:54  |t č. 1-4  |w 2026-02-21  |y PREZ